| 000 | 00897cab a22002535a 4500 | ||
|---|---|---|---|
| 001 | L159112 | ||
| 008 | 160129s201 xxk 000 0 eng d | ||
| 020 | _a9781315723297 | ||
| 035 | _a(Sirsi) u159112 | ||
| 041 | 0 | _aeng | |
| 100 | 1 | _aShen, Geoffrey Qiping | |
| 245 | 0 | 0 |
_aValue management in construction and real estate _h[electronic resource] |
| 260 |
_aHong Kong _bRoutledge _c2015 |
||
| 300 | _aeBook | ||
| 520 | _aExplains the theory and methodolgy of using value management techniques in construction and real estate. Includes live case studies where value managment techniques have been used. | ||
| 590 | _aKA | ||
| 650 | 2 | 4 | _aEBOOK |
| 650 | 2 | 4 | _aVALUE MANAGEMENT |
| 651 | 4 | _aInternational | |
| 690 |
_aProject management _96261 |
||
| 700 | 1 | _aYu, Anne | |
| 856 | 4 | 0 |
_uhttps://www.vlebooks.com/ _zView on VLEbooks. Logins for members only from [email protected] |
| 942 | _n0 | ||
| 999 |
_c115680 _d115680 |
||